000 nam a22 a 4500
999 _c135424
_d135424
003 BLK
005 20211026135702.0
008 180409b bul|||||r ||||||| ||bul||
010 _aKNG00141350000
040 _aBLK
041 _aBUL
_cBUL
072 7 _2bullib
_aЦ
_xРедки и ценни
080 _aМарксизъм-ленинизъм. Научен комунизъм
_b141.82
_z141.82
080 _aСоциалистическо и комунистическо общество - като социална система. Безкласови общества
_b316.323.7
_z316.323.7
080 _aМарксистко-ленинско икономическо учение. Вж и 141.8
_b330.85
_z330.85
100 1 _aЕнгелс, Фридрих
_eпърви автор
_9374147
139 _aЕнгелс, Фридрих
_bЕ 62
245 1 0 _aРазвитие на научния социализъм
_cФридрих Енгелс; прев. и предг. Дружелюбов;
257 _aDEU
260 _c1890
_fГаброво : Дружба
_aГаброво
300 _aХIII, 62 с.
_c19 см
380 _a1
490 _9435080
_aКолекция Редки и ценни издания
500 _aДружелюбов - псевд. на прев. Евтим Дабев. - Екз. от кн. с инв. №13129-а е подв. с 8 кн.
500 _aЕкз. от кн. с инв. №112063 е подв. с 6 кн.
505 _r Л. Н. Толстой; прев. Д. Стерев
_tИзповедта на графа Л. Н. Толстой : Встъпвание към ненапечатано съчинение. - Русе : сп. Нар. учител, 1889 (Русе : скоропеч. Ст. Ив. Роглев)
505 _rН. А. Соковнин; прев. от рус.
_tТорове и наторявание на земята : Из "Земледелието" на Н. А. Соковнин. - Севлиево, 1890 (Севлиево : скоропеч. П. Мутафов и сие)
505 _rНатъкмени от Димитър Цанков Коцов
_tДидактически упътвания за народните учители. - Русе, 1890 (Русе : Спиро Гулабчев)
505 _rСтъкмил Спиро Константинов Гулабчев
_tЕдин оглед по етнографията на Македония. - Габрово, 1887 (Габрово : печ. Н. Стойков и сие)
505 _rЕ. К. Дружелюбов
_tТъгите ми : Стихотворения. - Габрово, 1886-1889 (Габрово : Н. Стойков и сие)
505 _rпрев. П. Цачев
_tРусский поет Александър Сергеевич Пушкин : Описание на живота му и основавание на паметника му в Москва през 1880 година 26-ий май. - София - Пловдив, 1891 (Печ. Единство)
650 4 _aНаучен комунизъм
_9253121
653 _aнаучен комунизъм
659 _aЦ
700 1 _aДружелюбов
_eпрев. и предг.
_gДабев, Евтим
_965441
852 _aРб 890
_bРц
856 4 _qpdf
856 4 _qpdf
942 _cKNG
_n0
_s1
944 _aCR
_c22.03.2013
_lф / 22.03.2013
_kНаталия_Медовщикова
944 _aED
_c27.11.2014
_lф / 22.03.2013
_kТеодора_Стоянова
999 _d135424
999 _d135424
999 _d135424
999 _d135424
999 _d135424